[Event "European Blitz 2022"]
[Site "Katowice POL"]
[Date "2022.12.16"]
[Round "20.26"]
[White "Saraci, Nderim"]
[Black "Langheinrich, Ferenc"]
[Result "1/2-1/2"]
[WhiteTitle "IM"]
[BlackTitle "IM"]
[WhiteElo "2468"]
[BlackElo "2381"]
[WhiteFideId "6351921"]
[BlackFideId "4641973"]
[EventDate "2022.12.16"]

1. d4 Nf6 2. Nf3 g6 3. g3 Bg7 4. Bg2 O-O 5. O-O d6 6. c4 Ne4 7. Nbd2 Nxd2 8.
Bxd2 e5 9. dxe5 dxe5 10. Bc3 Nc6 11. Nd2 f5 12. c5 Be6 13. Qa4 e4 14. Bxg7 Kxg7
15. Nb3 Qf6 16. e3 Rfd8 17. Na5 Nxa5 18. Qxa5 b6 19. Qa3 Rd3 20. b3 a5 21. Rac1
b5 22. Rfe1 b4 23. Qa4 Bd7 24. c6 Be8 25. Bf1 Rd2 26. Qb5 Qd6 27. Re2 Rd5 28.
Qc4 Rd8 29. Qa6 Rc5 30. Ree1 Rd5 31. Qa7 h5 32. Be2 h4 33. Red1 Rxd1+ 34. Rxd1
Qe7 35. Rxd8 Qxd8 36. Qxa5 Qd2 37. Qe5+ Kf8 38. Bf1 Bxc6 39. Qxc7 Bd5 40. Qd8+
Kg7 41. Qe7+ Bf7 42. gxh4 Qe1 43. Kg2 f4 44. exf4 Kg8 45. Bc4 Bxc4 46. bxc4 Qe2
47. Qe6+ Kg7 48. Qe5+ Kh7 49. Qe7+ Kh6 50. Qg5+ Kh7 51. f5 Qf3+ 52. Kg1 Qd1+ 53.
Kg2 Qf3+ 54. Kf1 Qd1+ 55. Kg2 Qf3+ 1/2-1/2

[Event "European Blitz 2022"]
[Site "Katowice POL"]
[Date "2022.12.16"]
[Round "20.27"]
[White "Tisaj, Domen"]
[Black "Tazbir, Marcin"]
[Result "0-1"]
[WhiteTitle "FM"]
[BlackTitle "GM"]
[WhiteElo "2396"]
[BlackElo "2508"]
[WhiteFideId "14628708"]
[BlackFideId "1122452"]
[EventDate "2022.12.16"]

1. d4 d5 2. c4 dxc4 3. Nf3 Nf6 4. e3 a6 5. Bxc4 b5 6. Be2 Bb7 7. O-O Nbd7 8. a4
b4 9. a5 e6 10. Nbd2 Be7 11. Nc4 O-O 12. b3 Ne4 13. Bb2 Ndf6 14. Qc2 Rc8 15.
Rfd1 Qd5 16. Nce5 c5 17. Bc4 Qd6 18. dxc5 Qxc5 19. Bd4 Qc7 20. Qe2 Nd5 21. Re1
Ndc3 22. Qf1 Ra8 23. Bb6 Qd6 24. Nd3 Bf6 25. Rac1 Rfc8 26. Bd4 Bxd4 27. exd4 Bd5
28. Nde5 f6 29. Bxd5 exd5 30. Nd3 Rab8 31. Nc5 Nxc5 32. dxc5 Rxc5 33. Nd4 Ne4
34. Qd3 Rbc8 35. Rxc5 Rxc5 36. Nf3 Rc3 37. Qd4 Qc5 38. Qxc5 Rxc5 39. Rd1 Rxa5
40. g3 Rc5 41. Nd4 Kf7 42. Nf5 g6 43. Ne3 Ke6 44. Rd4 a5 45. Nxd5 Rxd5 46. Rxe4+
Kd6 47. Re8 Kc5 48. Rc8+ Kd4 49. Kf1 Re5 50. Rc7 h6 51. Rc6 f5 52. h4 h5 53. Kg2
Rc5 54. Rxg6 Kc3 0-1

[Event "European Blitz 2022"]
[Site "Katowice POL"]
[Date "2022.12.16"]
[Round "20.28"]
[White "Morgunov, Marc"]
[Black "Fridman, Daniel"]
[Result "0-1"]
[WhiteTitle "FM"]
[BlackTitle "GM"]
[WhiteElo "2402"]
[BlackElo "2602"]
[WhiteFideId "1640305"]
[BlackFideId "11600454"]
[EventDate "2022.12.16"]

1. e4 e6 2. d3 c5 3. Nf3 Nc6 4. g3 g6 5. Bg2 Bg7 6. O-O Nge7 7. c3 d5 8. Nbd2
O-O 9. Re1 Qc7 10. h4 h6 11. Nf1 e5 12. exd5 Nxd5 13. Ne3 Be6 14. h5 gxh5 15.
Nh4 Nxe3 16. Bxe3 Bg4 17. Qd2 Qd6 18. Qc2 Rad8 19. Bf1 Ne7 20. Qa4 a6 21. Qa5
Rc8 22. Bg2 Nd5 23. Bd2 b5 24. a4 b4 25. Rac1 Bf6 26. cxb4 Bd8 27. bxc5 Qf6 28.
Bxd5 Bxa5 29. Bxa5 Bd7 30. b3 Bc6 31. Bxc6 Rxc6 32. Bd2 Rd8 33. Rc3 a5 34. Kg2
Rd5 35. Be3 Qd8 36. Rd1 Qd7 37. Kf1 f5 38. Ke2 f4 39. Bc1 Rdxc5 40. Rxc5 Rxc5
41. gxf4 0-1

[Event "European Blitz 2022"]
[Site "Katowice POL"]
[Date "2022.12.16"]
[Round "20.29"]
[White "Kowalski, Igor"]
[Black "Blohberger, Felix"]
[Result "1-0"]
[WhiteTitle "IM"]
[BlackTitle "GM"]
[WhiteElo "2344"]
[BlackElo "2490"]
[WhiteFideId "1172468"]
[BlackFideId "1632051"]
[EventDate "2022.12.16"]

1. d4 Nf6 2. Nf3 g6 3. Nc3 d5 4. Bf4 Bg7 5. e3 O-O 6. Be2 c5 7. O-O cxd4 8. exd4
Nc6 9. Ne5 Bf5 10. Nxc6 bxc6 11. Na4 Nd7 12. c3 f6 13. Bg3 e5 14. c4 Be6 15.
cxd5 cxd5 16. Rc1 Bf7 17. Bb5 Nb6 18. Nc5 Rc8 19. Re1 e4 20. Ba6 Rc6 21. Bb7 Rd6
22. a4 f5 23. b3 Bh6 24. Bxd6 Qxd6 25. Rc3 a5 26. Na6 Nd7 27. Rc6 Qe7 28. Qc2
Nf6 29. Rc7 Qa3 30. Nc5 Bf4 31. Rc6 Ng4 32. h3 Nh6 33. g3 Bg5 34. Nd7 Rd8 35.
Ne5 Qb4 36. Rd1 Qxb7 37. Rc7 Qb6 38. h4 Bf6 39. Rc6 Qb4 40. Rxf6 e3 41. fxe3 Qb8
42. Rc1 Ng4 43. Nxg4 fxg4 44. Qc7 1-0

[Event "European Blitz 2022"]
[Site "Katowice POL"]
[Date "2022.12.16"]
[Round "20.30"]
[White "Samunenkov, Ihor"]
[Black "Mis, Mieszko"]
[Result "1/2-1/2"]
[WhiteTitle "IM"]
[BlackTitle "FM"]
[WhiteElo "2488"]
[BlackElo "2389"]
[WhiteFideId "14187086"]
[BlackFideId "1196448"]
[EventDate "2022.12.16"]

1. d4 Nf6 2. Nc3 d5 3. Bf4 a6 4. e3 c5 5. dxc5 Qa5 6. Bxb8 Rxb8 7. Qd4 e6 8. b4
Qc7 9. Na4 Nd7 10. c3 Be7 11. Nf3 Bf6 12. Qd2 b6 13. cxb6 Nxb6 14. Nc5 Nd7 15.
Bd3 Nxc5 16. bxc5 Qxc5 17. Nd4 O-O 18. O-O a5 19. Rab1 Bd7 20. e4 Bxd4 21. cxd4
Qxd4 22. exd5 Qxd5 23. Qc2 Bc6 24. f3 Qd4+ 25. Kh1 Ba4 26. Bxh7+ Kh8 27. Qe4
Qxe4 28. Bxe4 g6 29. Kg1 Rfd8 30. Rxb8 Rxb8 31. Rb1 Rb4 32. a3 Rxb1+ 33. Bxb1
Kg7 34. Kf2 Kf6 35. Ke3 Ke5 36. Ba2 Bc6 1/2-1/2

[Event "European Blitz 2022"]
[Site "Katowice POL"]
[Date "2022.12.16"]
[Round "20.31"]
[White "Fus, Jakub"]
[Black "Licznerski, Lukasz"]
[Result "0-1"]
[WhiteTitle "FM"]
[BlackTitle "IM"]
[WhiteElo "2405"]
[BlackElo "2441"]
[WhiteFideId "1193023"]
[BlackFideId "1179250"]
[EventDate "2022.12.16"]

1. Nf3 Nf6 2. g3 d5 3. Bg2 c6 4. O-O Bg4 5. d4 e6 6. Nbd2 Nbd7 7. Re1 Bd6 8. e4
dxe4 9. Nxe4 Nxe4 10. Rxe4 Nf6 11. Re1 O-O 12. c3 Qc7 13. Qb3 Bxf3 14. Bxf3 h6
15. a4 Rab8 16. a5 b5 17. axb6 axb6 18. Bd2 c5 19. Be3 b5 20. dxc5 Bxc5 21. Bf4
Bd6 22. Bxd6 Qxd6 23. Red1 Qc5 24. Rd4 Rb6 25. Rad1 e5 26. Rb4 Rfb8 27. Qc2 g6
28. Qd2 Kg7 29. Re1 Re6 30. Qe3 Qc7 31. Qd3 Qc5 32. Qe3 Qe7 33. h3 e4 34. Be2
Re5 35. Qd4 Rd8 36. Qe3 Nd5 37. Qc1 Nxb4 38. cxb4 Qxb4 39. Rf1 Rd2 0-1

[Event "European Blitz 2022"]
[Site "Katowice POL"]
[Date "2022.12.16"]
[Round "20.32"]
[White "Costachi, Mihnea"]
[Black "Karvatskyi, Oleksii"]
[Result "1-0"]
[WhiteTitle "IM"]
[WhiteElo "2476"]
[BlackElo "1995"]
[WhiteFideId "1217518"]
[BlackFideId "14191059"]
[EventDate "2022.12.16"]

1. d4 Nf6 2. Nf3 d5 3. c4 c6 4. Nc3 e6 5. cxd5 exd5 6. Qc2 Bd6 7. Bg5 h6 8. Bxf6
gxf6 9. e3 f5 10. Bd3 f4 11. e4 dxe4 12. Bxe4 Nd7 13. O-O-O Nf6 14. Bf5 Qc7 15.
Rhe1+ Kf8 16. Ne5 Nd7 17. Qe4 Nxe5 18. dxe5 Be7 19. Kb1 Bxf5 20. Qxf5 Rd8 21. e6
Bg5 22. Rxd8+ Bxd8 23. Rd1 Qe7 24. Rxd8+ Kg7 25. Rd7 Qg5 26. Qxf7# 1-0

[Event "European Blitz 2022"]
[Site "Katowice POL"]
[Date "2022.12.16"]
[Round "20.33"]
[White "Madan, Augustin"]
[Black "Manik, Mikulas"]
[Result "0-1"]
[WhiteTitle "IM"]
[BlackTitle "GM"]
[WhiteElo "2292"]
[BlackElo "2359"]
[WhiteFideId "1210327"]
[BlackFideId "14900734"]
[EventDate "2022.12.16"]

1. e3 g6 2. Nf3 Bg7 3. d4 Nf6 4. b3 c5 5. Bb2 cxd4 6. exd4 O-O 7. Be2 Nc6 8. O-O
d5 9. Nbd2 Bf5 10. a3 Rc8 11. h3 Ne4 12. Bd3 Nxd2 13. Qxd2 Qd7 14. Rfe1 a6 15.
Rad1 Rfd8 16. Re2 Bxd3 17. Qxd3 e6 18. Ree1 Qc7 19. Re2 b5 20. Ree1 Ne7 21. Re2
Nf5 22. Ne1 Nd6 23. f3 Nf5 24. Qd2 Qg3 25. Rf2 Bh6 26. f4 Nh4 27. Kf1 Rc6 28.
Qd3 Bxf4 29. Qxg3 Bxg3 30. Re2 Rdc8 31. c3 Nf5 32. Rd3 Bc7 33. Kf2 Ba5 34. b4
Bb6 35. g4 Nd6 36. Ree3 Nc4 37. Re2 Nxb2 38. Rxb2 Rxc3 39. Rbd2 Rxd3 40. Rxd3 e5 0-1

[Event "European Blitz 2022"]
[Site "Katowice POL"]
[Date "2022.12.16"]
[Round "20.34"]
[White "Marn, Jan"]
[Black "Klenburg, Michael"]
[Result "0-1"]
[WhiteTitle "FM"]
[BlackTitle "IM"]
[WhiteElo "2332"]
[BlackElo "2347"]
[WhiteFideId "14619245"]
[BlackFideId "14102072"]
[EventDate "2022.12.16"]

1. Nf3 Nf6 2. g3 g6 3. b4 Bg7 4. Bb2 O-O 5. Bg2 d6 6. O-O e5 7. d3 Nc6 8. b5 Ne7
9. Nbd2 h6 10. a4 Be6 11. e4 Qd7 12. d4 exd4 13. Bxd4 Bh3 14. Re1 Bxg2 15. Kxg2
a6 16. b6 c5 17. Bc3 Qc6 18. a5 Rad8 19. Qe2 Rfe8 20. Nc4 d5 21. exd5 Nexd5 22.
Qd2 Ne3+ 23. Qxe3 Rxe3 24. Rxe3 Nd5 25. Bxg7 Nxe3+ 26. Nxe3 Kxg7 27. h3 Qb5 28.
c4 Qb4 29. Ne5 Qc3 0-1

[Event "European Blitz 2022"]
[Site "Katowice POL"]
[Date "2022.12.16"]
[Round "20.35"]
[White "Budrewicz, Krzysztof"]
[Black "Karolczuk, Iwo"]
[Result "1-0"]
[BlackTitle "FM"]
[WhiteElo "2184"]
[BlackElo "2327"]
[WhiteFideId "1127950"]
[BlackFideId "21816972"]
[EventDate "2022.12.16"]

1. d4 Nf6 2. Bg5 e6 3. Nf3 c5 4. e3 Qb6 5. b3 Ne4 6. c3 cxd4 7. Qxd4 Nxg5 8.
Nxg5 Qc7 9. Nf3 Nc6 10. Qg4 d5 11. Be2 g6 12. h4 h5 13. Qg5 Bg7 14. O-O O-O 15.
Rc1 e5 16. Nbd2 Bg4 17. e4 d4 18. cxd4 exd4 19. Bd3 Rac8 20. a3 Qd7 21. b4 Kh7
22. Qd5 Qe7 23. Ng5+ Kg8 24. Qc5 Qd7 25. Qd5 Qe7 26. f3 Bd7 27. Nc4 Be6 28. Nxe6
fxe6 29. Qg5 Qxg5 30. hxg5 Ne5 31. Nxe5 Bxe5 32. Kf2 Bf4 33. Rxc8 Rxc8 34. g3
Bxg5 35. f4 Be7 36. e5 Kg7 37. Kf3 g5 38. Ke4 b6 39. Kxd4 a5 40. bxa5 Bc5+ 41.
Ke4 Rd8 42. Rd1 gxf4 43. gxf4 bxa5 44. a4 Rd4+ 45. Kf3 Rxa4 46. Rc1 Be7 47. Rc6
Ra3 48. Ke4 Ra4+ 49. Ke3 Kf7 50. Bc4 Ra3+ 51. Ke4 Ra4 52. Kf3 Ra3+ 53. Kg2 h4
54. Bxe6+ Kg7 55. f5 Bg5 56. Rc7+ Kh6 57. f6 Rg3+ 58. Kf2 Be3+ 59. Ke2 Bb6 60.
f7 Re3+ 61. Kd2 Rf3 62. Rc8 h3 63. f8=Q+ Rxf8 64. Rxf8 1-0

[Event "European Blitz 2022"]
[Site "Katowice POL"]
[Date "2022.12.16"]
[Round "20.36"]
[White "Schneider, Ilja"]
[Black "D'Costa, Lorin"]
[Result "1-0"]
[WhiteTitle "IM"]
[BlackTitle "IM"]
[WhiteElo "2483"]
[BlackElo "2375"]
[WhiteFideId "4663306"]
[BlackFideId "409219"]
[EventDate "2022.12.16"]

1. e4 e6 2. d4 d5 3. Bd3 dxe4 4. Bxe4 Nf6 5. Bf3 Nbd7 6. Nc3 c6 7. Nge2 Bd6 8.
O-O O-O 9. Nb1 e5 10. Nbc3 Re8 11. Ng3 exd4 12. Qxd4 Ne5 13. Be2 Bc7 14. Qxd8
Rxd8 15. Bg5 Re8 16. Bxf6 gxf6 17. Nce4 Re7 18. Nxf6+ Kg7 19. Nfh5+ Kh8 20. Rfe1
Be6 21. Nf4 Bd7 22. Bd3 Rae8 23. Kf1 Ng4 24. Rxe7 Rxe7 25. Nfh5 Nxh2+ 26. Kg1
Ng4 27. Nf5 Bxf5 28. Bxf5 Ne5 29. Rd1 Kg8 30. Nf6+ Kg7 31. Nh5+ Kh6 32. Ng3 Kg5
33. Bxh7 Bb6 34. Kf1 Ng4 35. Rd2 f6 36. Bd3 Nh2+ 37. Kg1 Ng4 38. Ne4+ Kh6 39. g3
f5 40. Nd6 Re1+ 41. Kg2 f4 42. gxf4 Nf6 43. Nxb7 Nh5 44. Kf3 Rh1 45. Be4 Rh3+
46. Kg4 Rh2 47. Rd6+ Kg7 48. Rd7+ Kf8 49. Bxc6 Nf6+ 50. Kg3 Rh6 51. Rd1 Nh5+ 52.
Kg4 Nxf4 53. Kxf4 Rxc6 54. c3 Rf6+ 55. Ke4 Rxf2 56. Rb1 Ke7 57. a4 Kd7 58. a5
Bc7 59. b4 Kc6 60. Nc5 Bxa5 61. Nd3 Re2+ 62. Kf3 Rc2 63. bxa5 Rxc3 64. Ke4 Rc4+
65. Ke5 Ra4 66. a6 Ra5+ 67. Kd4 Kd6 68. Rh1 Ra4+ 69. Kc3 Kc7 70. Rh7+ Kb8 71.
Nc5 Ra3+ 72. Kb4 Ra1 73. Rb7+ Ka8 74. Re7 Rb1+ 75. Kc4 Rb8 76. Ne6 Rc8+ 77. Kb5
Kb8 78. Nd4 Ka8 79. Nc6 1-0

[Event "European Blitz 2022"]
[Site "Katowice POL"]
[Date "2022.12.16"]
[Round "20.37"]
[White "Bartel, Michal"]
[Black "Sebenik, Matej"]
[Result "0-1"]
[WhiteTitle "FM"]
[BlackTitle "GM"]
[WhiteElo "2250"]
[BlackElo "2538"]
[WhiteFideId "1119257"]
[BlackFideId "14602296"]
[EventDate "2022.12.16"]

1. e4 c5 2. Ne2 Nc6 3. g3 d5 4. Bg2 dxe4 5. Bxe4 Nf6 6. Bg2 Bg4 7. h3 Bh5 8.
Nbc3 e6 9. d3 Be7 10. Be3 Rc8 11. O-O O-O 12. Qd2 b6 13. Nf4 Bg6 14. Nxg6 hxg6
15. Rad1 Nd4 16. Kh2 Qd7 17. Ne2 Rfd8 18. Rfe1 Nxe2 19. Qxe2 Nd5 20. Bc1 Bf6 21.
a3 a5 22. f4 a4 23. Qf3 Ne7 24. g4 Qc7 25. Kh1 Nd5 26. f5 exf5 27. gxf5 gxf5 28.
Qxf5 g6 29. Qf3 Bg7 30. Rf1 f5 31. Rde1 Nf6 32. Bf4 Qf7 33. Be5 Re8 34. Bc3 Nh5
35. Bxg7 Kxg7 36. Kg1 Rc7 37. Qd5 Rce7 38. Qxf7+ Kxf7 39. Bd5+ Kf6 40. Rxe7 Rxe7
41. Bc6 Re2 42. Rf2 Re1+ 43. Kg2 g5 44. Bxa4 Nf4+ 45. Kh2 Re3 46. Bd7 Rxh3+ 47.
Kg1 Re3 48. b4 Nh3+ 0-1

[Event "European Blitz 2022"]
[Site "Katowice POL"]
[Date "2022.12.16"]
[Round "20.38"]
[White "Seemann, Jakub"]
[Black "Szpar, Milosz"]
[Result "1-0"]
[WhiteTitle "FM"]
[BlackTitle "IM"]
[WhiteElo "2365"]
[BlackElo "2428"]
[WhiteFideId "21874697"]
[BlackFideId "1184989"]
[EventDate "2022.12.16"]

1. e4 e6 2. d4 d5 3. Nd2 c5 4. exd5 Qxd5 5. dxc5 Nf6 6. Ngf3 Nbd7 7. Bc4 Qxc5 8.
O-O Be7 9. Qe2 Qc7 10. b3 O-O 11. Bb2 Nb6 12. Bd3 Nbd5 13. Be5 Bd6 14. Bxd6 Qxd6
15. Ne4 Qc7 16. Nxf6+ Nxf6 17. Ng5 Qf4 18. Ne4 Nd5 19. Rad1 Qe5 20. Rfe1 b6 21.
Qd2 Qc7 22. Qg5 h6 23. Qh4 Bb7 24. c4 Nf4 25. Bb1 Ng6 26. Qg3 Qxg3 27. hxg3 Rad8
28. Nd6 Bc6 29. Bxg6 fxg6 30. Rxe6 g5 31. b4 Ba4 32. Rd4 Rd7 33. c5 Rc7 34. Re5
Bc2 35. a3 Kh7 36. Rd2 Bg6 37. Nb5 Rcf7 38. c6 a6 39. c7 axb5 40. Rd8 Rxc7 41.
Rxf8 Rc3 42. Rf3 Bd3 43. Ree3 Rc1+ 44. Kh2 Bc4 45. Rc3 Ra1 46. Rfe3 Ra2 47. Rf3
Rd2 48. Rf8 Kg6 49. g4 h5 50. gxh5+ Kxh5 51. Kg3 Rd6 52. Re3 Kg6 53. Rfe8 Rd4
54. R8e5 Kh5 55. Kh2 Kg6 56. Rg3 g4 57. Rge3 Rd2 58. Kg3 Rd4 59. R5e4 1-0

[Event "European Blitz 2022"]
[Site "Katowice POL"]
[Date "2022.12.16"]
[Round "20.39"]
[White "Abdrlauf, Elham"]
[Black "Vedrickas, Tautvydas"]
[Result "1-0"]
[WhiteTitle "IM"]
[BlackTitle "FM"]
[WhiteElo "2518"]
[BlackElo "2358"]
[WhiteFideId "1533533"]
[BlackFideId "12802654"]
[EventDate "2022.12.16"]

1. e4 g6 2. d4 Bg7 3. Nf3 d6 4. Be3 Nd7 5. c4 a6 6. Nc3 e6 7. Be2 Ne7 8. O-O O-O
9. Qd2 f5 10. exf5 Nxf5 11. Bg5 Qe8 12. Bd3 Qf7 13. Rfe1 Nf6 14. Ne4 Bd7 15.
Nxf6+ Bxf6 16. Bxf6 Qxf6 17. Be4 Rab8 18. Rac1 Ne7 19. c5 Bc6 20. Bxc6 bxc6 21.
b3 Rbd8 22. Ng5 e5 23. Ne4 Qh4 24. cxd6 cxd6 25. dxe5 dxe5 26. Qe2 Rd4 27. g3
Qh6 28. Rcd1 Rxd1 29. Rxd1 Nf5 30. Qc4+ Kh8 31. Qc5 Qg7 32. Kg2 Nd4 33. f4 1-0

[Event "European Blitz 2022"]
[Site "Katowice POL"]
[Date "2022.12.16"]
[Round "20.40"]
[White "Luczak, Filip"]
[Black "Tregubov, Pavel V."]
[Result "1/2-1/2"]
[WhiteTitle "FM"]
[BlackTitle "GM"]
[WhiteElo "2326"]
[BlackElo "2553"]
[WhiteFideId "1193686"]
[BlackFideId "4115341"]
[EventDate "2022.12.16"]

1. b3 d5 2. Bb2 Nf6 3. e3 g6 4. c4 Bg7 5. cxd5 O-O 6. Nf3 Qxd5 7. Nc3 Qd8 8. d4
b6 9. Be2 Bb7 10. O-O Nbd7 11. Qc2 c5 12. Rac1 Rc8 13. Qb1 cxd4 14. Nxd4 a6 15.
Rfd1 e5 16. Nf3 Qe7 17. h3 Rfd8 18. a3 b5 19. Rd2 Nc5 20. b4 Nce4 21. Nxe4 Nxe4
22. Rxd8+ Rxd8 23. Rd1 Nd6 24. Qa1 Bxf3 25. Bxf3 Nc4 26. Bd5 Nxb2 27. Qxb2 e4
28. Qb3 Kf8 29. Rc1 f5 30. g3 Be5 31. Kg2 Kg7 32. h4 Qd6 33. Rd1 Qc7 34. Be6 Rd6
35. Rxd6 Qxd6 36. Qd5 Qxd5 37. Bxd5 Bb2 38. Bb7 1/2-1/2

[Event "European Blitz 2022"]
[Site "Katowice POL"]
[Date "2022.12.16"]
[Round "20.41"]
[White "Rudzinska, Michalina"]
[Black "Nasuta, Grzegorz"]
[Result "0-1"]
[WhiteTitle "WFM"]
[BlackTitle "GM"]
[WhiteElo "2256"]
[BlackElo "2546"]
[WhiteFideId "1172883"]
[BlackFideId "1141686"]
[EventDate "2022.12.16"]

1. e4 c5 2. c3 Nf6 3. e5 Nd5 4. Nf3 d6 5. Bc4 e6 6. exd6 Bxd6 7. O-O O-O 8. d4
cxd4 9. cxd4 Nc6 10. Nc3 Nxc3 11. bxc3 b6 12. Bd3 Bb7 13. Ng5 h6 14. Qh5 Be7 15.
Ne4 Qd5 16. Qg4 f5 17. Qg6 Ne5 18. dxe5 fxe4 19. Bc2 Qxe5 20. Bb3 Bd5 21. Bb2
Bf6 22. Rab1 Bxb3 23. axb3 Qf5 24. Qg3 Rac8 25. c4 Bxb2 26. Rxb2 Rcd8 27. Qe3
Rd3 28. Qe2 Qe5 29. Rc2 Qd4 30. Ra2 a5 31. Rc2 e3 32. fxe3 Rxe3 33. Rxf8+ Kxf8
34. Qf2+ Kg8 35. Rc1 e5 36. Kh1 Rxb3 37. Qf5 Qf4 38. Qe6+ Kh7 39. Rd1 Rd3 40.
Rg1 Rc3 41. Qd5 Rxc4 42. Re1 Rc1 43. Qd3+ e4 44. Qe2 Rxe1+ 45. Qxe1 Qe5 46. h4
a4 47. Qe2 a3 48. h5 b5 49. Qg4 a2 50. Qg6+ Kh8 0-1

[Event "European Blitz 2022"]
[Site "Katowice POL"]
[Date "2022.12.16"]
[Round "20.42"]
[White "Subelj, Jan"]
[Black "Karas, Marek"]
[Result "1-0"]
[WhiteTitle "IM"]
[BlackTitle "FM"]
[WhiteElo "2492"]
[BlackElo "2240"]
[WhiteFideId "14618583"]
[BlackFideId "14928558"]
[EventDate "2022.12.16"]

1. e4 e6 2. d4 d5 3. e5 c5 4. c3 Qb6 5. Nf3 Nc6 6. Bd3 cxd4 7. O-O Bd7 8. Re1
Nge7 9. h4 h6 10. h5 Rc8 11. Nbd2 Nf5 12. Nb3 Be7 13. Bxf5 exf5 14. Nbxd4 Nxd4
15. Nxd4 Bc5 16. Be3 Be6 17. Nb3 Bxe3 18. Rxe3 Rc4 19. Qd2 Rg4 20. Nd4 O-O 21.
Rg3 Rxg3 22. fxg3 Kh7 23. Kh2 g6 24. a4 Re8 25. a5 Qc7 26. Nf3 Qc4 27. Qd4 Qxd4
28. Nxd4 Bd7 29. hxg6+ fxg6 30. Re1 Kg7 31. Kg1 g5 32. e6 Kf6 33. exd7 Rxe1+ 34.
Kf2 1-0

[Event "European Blitz 2022"]
[Site "Katowice POL"]
[Date "2022.12.16"]
[Round "20.44"]
[White "Sliwicka, Alicja"]
[Black "Thorfinnsson, Bjorn"]
[Result "1-0"]
[WhiteTitle "WIM"]
[BlackTitle "IM"]
[WhiteElo "2284"]
[BlackElo "2374"]
[WhiteFideId "1150677"]
[BlackFideId "2300982"]
[EventDate "2022.12.16"]

1. e4 e5 2. Nf3 Nc6 3. Bb5 Nge7 4. Nc3 d6 5. d4 Bd7 6. O-O Ng6 7. Nd5 Be7 8. c3
O-O 9. b4 exd4 10. cxd4 Nxb4 11. Bxd7 Qxd7 12. Nxb4 Rfe8 13. Nd5 Bf8 14. Qc2 c6
15. Ne3 Qe6 16. Ng5 Qe7 17. Nf5 Qf6 18. f4 c5 19. e5 dxe5 20. fxe5 Qb6 21. Rb1
Qa6 22. Nxf7 Kxf7 23. Nh6+ Ke7 24. Qxc5+ Kd7 25. Rf7+ Re7 26. Qd5+ Ke8 27. Bg5
gxh6 28. Bxe7 Nxe7 29. Qb3 Rc8 30. Rbf1 Ng6 31. Rxb7 Qc4 32. Qf3 Qxd4+ 33. Kh1
Qf4 34. Qd3 Nxe5 35. Qb5+ Kd8 36. Rd1+ 1-0

[Event "European Blitz 2022"]
[Site "Katowice POL"]
[Date "2022.12.16"]
[Round "20.45"]
[White "Jarmula, Lukasz"]
[Black "Raczek, Krzysztof"]
[Result "1-0"]
[WhiteTitle "GM"]
[WhiteElo "2469"]
[BlackElo "2161"]
[WhiteFideId "1160664"]
[BlackFideId "21005303"]
[EventDate "2022.12.16"]

1. e4 c5 2. Nf3 Nc6 3. Bb5 e5 4. O-O Bd6 5. Nc3 a6 6. Bxc6 dxc6 7. d3 Ne7 8. a4
O-O 9. h3 a5 10. Nd2 b6 11. Nc4 Bc7 12. Ne2 Be6 13. b3 f6 14. f4 exf4 15. Bxf4
Bxc4 16. Bxc7 Qxc7 17. bxc4 Ng6 18. Qe1 Rfe8 19. Qg3 Ne5 20. Rxf6 Rad8 21. Rf5
Qe7 22. Raf1 Ng6 23. Nf4 Nf8 24. Nh5 Ne6 25. Nf6+ Kh8 26. Nxe8 Rxe8 27. Rf7 Qd8
28. Kh1 Rg8 29. Qe5 Nd4 30. Qe7 Qxe7 31. Rxe7 Nxc2 32. e5 Nb4 33. Rd7 Re8 34. e6
Kg8 35. e7 1-0

[Event "European Blitz 2022"]
[Site "Katowice POL"]
[Date "2022.12.16"]
[Round "20.46"]
[White "Kjartansson, Gudmundur"]
[Black "Zochowski, Kacper"]
[Result "1-0"]
[WhiteTitle "GM"]
[BlackTitle "FM"]
[WhiteElo "2453"]
[BlackElo "2256"]
[WhiteFideId "2301318"]
[BlackFideId "1125494"]
[EventDate "2022.12.16"]

1. c4 d6 2. d4 Nf6 3. Nc3 Nbd7 4. e4 e5 5. Nf3 Be7 6. Be2 O-O 7. O-O c6 8. Qc2
Qc7 9. Rd1 a6 10. h3 Re8 11. Be3 Bf8 12. a3 b6 13. b4 Bb7 14. dxe5 dxe5 15. Rd2
a5 16. Rb1 axb4 17. axb4 Ra3 18. Rdd1 Rea8 19. b5 Nc5 20. bxc6 Bxc6 21. Nd2 Ba4
22. Nxa4 R3xa4 23. f3 Ncd7 24. Nf1 Bc5 25. Qd2 Ra2 26. Rb2 Rxb2 27. Qxb2 h6 28.
Kh2 Bf8 29. Bf2 Bc5 30. Be3 Bf8 31. Bg1 Bc5 32. Ne3 Bxe3 33. Bxe3 Nc5 34. Rb1
Nfd7 35. Qb5 Ra2 36. Rb2 Rxb2 37. Qxb2 Ne6 38. Qd2 Nd4 39. Bf1 Qc5 40. Kh1 Qd6
41. f4 f6 42. fxe5 fxe5 43. Be2 Nc5 44. Bf3 Nce6 45. Bg4 Nf4 46. Qb2 Qc5 47. Qc3
b5 48. Qa1 bxc4 49. Qa8+ Kh7 50. Bxd4 exd4 51. Bf5+ Ng6 52. Qa6 Kg8 53. Qe6+ Kf8
54. Bxg6 Qe7 55. Qc8+ 1-0

[Event "European Blitz 2022"]
[Site "Katowice POL"]
[Date "2022.12.16"]
[Round "20.47"]
[White "Hulka, Valentyn"]
[Black "Gunnarsson, Arnar"]
[Result "1-0"]
[WhiteTitle "CM"]
[BlackTitle "IM"]
[WhiteElo "2222"]
[BlackElo "2406"]
[WhiteFideId "34107061"]
[BlackFideId "2300915"]
[EventDate "2022.12.16"]

1. e4 e5 2. Nf3 d5 3. exd5 Bd6 4. Nc3 f5 5. d4 e4 6. Ne5 Nf6 7. Bb5+ Bd7 8. Bg5
O-O 9. Bc4 h6 10. Bf4 a6 11. Nc6 Qe8 12. Bxd6 cxd6 13. Nxb8 Rxb8 14. Ne2 b5 15.
Bb3 g5 16. Qd2 Qg6 17. O-O-O f4 18. h4 Ng4 19. hxg5 hxg5 20. Rdf1 Nxf2 21. Rhg1
e3 22. Qa5 Bg4 23. Re1 Rbc8 24. Kb1 Ne4 25. Nc3 Bf5 26. Nxe4 Bxe4 27. Re2 Qf6
28. Qxa6 Qxd4 29. Qxd6 Qf6 30. Qb4 Kg7 31. Qxe4 Rfe8 32. Qf3 Qf5 33. g3 Kf6 34.
gxf4 gxf4 35. Rf1 Re4 36. Kc1 Ke5 37. c3 Qg5 38. Bc2 Rec4 39. Rg2 Qh6 40. Rg6 1-0

[Event "European Blitz 2022"]
[Site "Katowice POL"]
[Date "2022.12.16"]
[Round "20.48"]
[White "Larkin, Vladyslav"]
[Black "Sowinski, Pawel"]
[Result "1-0"]
[WhiteTitle "IM"]
[WhiteElo "2452"]
[BlackElo "2064"]
[WhiteFideId "14152894"]
[BlackFideId "21881979"]
[EventDate "2022.12.16"]

1. e4 c6 2. d4 d5 3. f3 e6 4. Nc3 Nd7 5. Bf4 Ngf6 6. Qd3 h6 7. Nge2 Be7 8. O-O-O
b5 9. e5 Ng8 10. h4 a5 11. Qe3 Ba6 12. Ng3 g6 13. Qf2 Bxh4 14. Kb1 h5 15. Rh3 b4
16. Na4 Bb5 17. Bxb5 cxb5 18. Nc5 Nxc5 19. dxc5 Bxg3 20. Bxg3 Qc7 21. Qg1 Ne7
22. Bf2 O-O-O 23. Qf1 Qc6 24. Ka1 Kb7 25. Rc1 d4 26. Rh4 Nf5 27. Re4 Rd5 28. g4
Ne3 29. Qd3 Nc4 30. Bxd4 Rhd8 31. c3 bxc3 32. bxc3 Qxc5 33. Rb1 Ka6 34. Qe2 Qc6
35. Rf4 R8d7 36. gxh5 gxh5 37. Rh4 b4 38. Bg1 Rc7 39. cxb4 Rxe5 40. Qf1 Rb5 41.
Rc1 Qd5 42. Rhxc4 Qe5+ 43. Bd4 Rxc4 44. Bxe5 Rxc1+ 45. Qxc1 axb4 46. Qc6+ Ka5
47. Bc7+ Ka4 48. Qa6+ 1-0